[Event "Klasyfikacyjny wiosna grupa B"]
[Site "Bialystok"]
[Date "2011.??.??"]
[Round "8.10"]
[White "Daciuk, Jaroslaw"]
[Black "Bobras, Jan"]
[Result "1/2-1/2"]
[WhiteElo "1594"]
[BlackElo "1679"]
[PlyCount "122"]
[EventDate "2011.??.??"]

1. c4 c6 2. Nf3 Nf6 3. Nc3 d5 4. e3 e6 5. d4 Nbd7 6. Bd3 dxc4 7. Bxc4 Be7 8.
Qc2 h6 9. O-O O-O 10. a3 a5 11. b3 b5 12. Bd3 Bb7 13. Rd1 b4 14. axb4 axb4 15.
Rxa8 Qxa8 16. Na4 Rc8 17. Qe2 c5 18. Bb2 Bc6 19. Ra1 Qb7 20. Ba6 Bxf3 21. gxf3
Qc7 22. Bxc8 Qxc8 23. dxc5 Qc6 24. e4 Nh5 25. Qc4 e5 26. Qxb4 Nf4 27. Kh1 Nh3
28. Qd2 Qf6 29. Qe2 Nxc5 30. Nxc5 Bxc5 31. Rf1 Qg6 32. Qc2 Qh5 33. Qe2 Kh7 34.
Bc1 Be7 35. Re1 Bg5 36. Bxg5 Nxg5 37. Rg1 Ne6 38. Rg3 f6 39. b4 Qe8 40. Qc4 g5
41. b5 Qd7 42. Rg1 Nd4 43. b6 Kg6 44. Rg3 Nc6 45. b7 Qxb7 46. Qg8+ Qg7 47. Qe8+
Qf7 48. Qxc6 h5 49. h4 Kh7 50. hxg5 fxg5 51. Qd5 Qf4 52. Qd7+ Kh8 53. Qe6 Kg7
54. Qe7+ Kg6 55. Kg2 h4 56. Rg4 h3+ 57. Kxh3 Qxf3+ 58. Kh2 Qxf2+ 59. Rg2 Qh4+
60. Kg1 Qe1+ 61. Kh2 Qh4+ 1/2-1/2

[Event "Klasyfikacyjny wiosna grupa B"]
[Site "Bialystok"]
[Date "2011.??.??"]
[Round "8.11"]
[White "Burakowska, Gabriela"]
[Black "Ocytko, Michal"]
[Result "1-0"]
[WhiteElo "1612"]
[BlackElo "1368"]
[PlyCount "87"]
[EventDate "2011.??.??"]

1. d4 Nf6 2. Nf3 d5 3. Bf4 c6 4. e3 g6 5. Bd3 Bg7 6. Nbd2 Bg4 7. h3 Bxf3 8.
Nxf3 Nbd7 9. O-O O-O 10. c4 Nb6 11. Nd2 dxc4 12. Nxc4 Nxc4 13. Bxc4 Nd5 14. Bg3
Nb6 15. Be2 e6 16. Bf3 Nd5 17. a3 a5 18. Qc2 Rc8 19. Rac1 Bf6 20. Qe2 Re8 21.
Rfd1 e5 22. Bxd5 Qxd5 23. dxe5 Qe6 24. exf6 Qxf6 25. Rd6 Qe7 26. Rcd1 Rcd8 27.
Rxd8 Rxd8 28. Rxd8+ Qxd8 29. Be5 f6 30. Bc3 b6 31. Qf3 Kf7 32. Qxc6 Qd1+ 33.
Kh2 Qd8 34. Qc4+ Kg7 35. Qd4 Qxd4 36. Bxd4 b5 37. Kg3 a4 38. Kf4 Kf7 39. Ke4
Ke8 40. Bc3 h5 41. g4 hxg4 42. hxg4 f5+ 43. gxf5 gxf5+ 44. Kxf5 1-0

[Event "Klasyfikacyjny wiosna grupa B"]
[Site "Bialystok"]
[Date "2011.??.??"]
[Round "9.1"]
[White "Kostyra, Stanislaw"]
[Black "Borawski, Jakub"]
[Result "1-0"]
[WhiteElo "2323"]
[BlackElo "1867"]
[PlyCount "85"]
[EventDate "2011.??.??"]

1. c4 c5 2. Nc3 Nf6 3. g3 Nc6 4. Bg2 b6 5. e4 e5 6. d3 d6 7. Nge2 Be7 8. f4 h5
9. h3 a6 10. Be3 Rb8 11. Qd2 b5 12. b3 Qa5 13. O-O Bd7 14. Rae1 Nd4 15. Nd5
Qxd2 16. Bxd2 Nxd5 17. cxd5 Nxe2+ 18. Rxe2 f6 19. b4 Rc8 20. Rc1 cxb4 21. Rxc8+
Bxc8 22. Bxb4 Kd7 23. Rc2 Bb7 24. h4 Bd8 25. Bh3+ Ke7 26. fxe5 fxe5 27. Kg2 Bb6
28. Bd2 Bc5 29. Be6 g6 30. Bg5+ Ke8 31. Bf6 Rh7 32. Bxe5 Bb4 33. Bd4 Ba5 34.
Bc8 b4 35. Kf3 Rf7+ 36. Ke2 Kd8 37. Bxb7 Rxb7 38. Rc6 Bc7 39. Rxa6 b3 40. Ra8+
Ke7 41. axb3 Rxb3 42. Ra7 Kd7 43. e5 1-0

[Event "Klasyfikacyjny wiosna grupa B"]
[Site "Bialystok"]
[Date "2011.??.??"]
[Round "9.2"]
[White "Olhovik, Andrei"]
[Black "Filewicz, Przemyslaw"]
[Result "1-0"]
[WhiteElo "2206"]
[BlackElo "1453"]
[PlyCount "109"]
[EventDate "2011.??.??"]

1. Nf3 d5 2. d4 c5 3. e3 e6 4. b3 Nc6 5. Bb2 Nf6 6. Bd3 cxd4 7. exd4 Bd6 8. O-O
O-O 9. a3 Ne4 10. c4 f5 11. b4 Ne7 12. Ne5 Ng6 13. f4 dxc4 14. Nxg6 hxg6 15.
Bxc4 Qh4 16. Qf3 g5 17. g3 Qh6 18. Bc1 g4 19. Qd3 Qh3 20. Nd2 b5 21. Bb3 Bb7
22. Bxe6+ Kh8 23. d5 Rae8 24. Nxe4 fxe4 25. Qe3 Ba8 26. Bb2 Bc7 27. Bxg7+ Kxg7
28. Qc3+ Kh6 29. Qxc7 Rh8 30. Qe5 Rhf8 31. Qg5+ Kh7 32. Bxg4 Qh6 33. Qxh6+ Kxh6
34. Be6 Rd8 35. Rfd1 Rd6 36. Rd4 Rfd8 37. Rad1 Ra6 38. Rxe4 Rxa3 39. g4 a5 40.
bxa5 b4 41. Rxb4 Rxa5 42. Kf2 Ra6 43. Rbd4 Rb8 44. Kg3 Ra3+ 45. R1d3 Ra2 46. h4
Rbb2 47. g5+ Kg7 48. Kg4 Rg2+ 49. Kf5 Raf2 50. h5 Kh8 51. Rb3 Bb7 52. Ra4 Rg1
53. h6 Rh1 54. Ra8+ Bxa8 55. Rb8+ 1-0

[Event "Klasyfikacyjny wiosna grupa B"]
[Site "Bialystok"]
[Date "2011.??.??"]
[Round "9.3"]
[White "Zochowski, Kacper"]
[Black "Bartoszewicz, Marcin"]
[Result "0-1"]
[WhiteElo "1942"]
[BlackElo "1975"]
[PlyCount "98"]
[EventDate "2011.??.??"]

1. e4 c5 2. Nf3 d6 3. d4 cxd4 4. Nxd4 Nf6 5. Nc3 g6 6. f4 a6 7. Bc4 Qc7 8. Bb3
Bg7 9. Be3 Nbd7 10. Nf3 O-O 11. Bd4 e5 12. fxe5 dxe5 13. Bf2 Nc5 14. Qe2 Nxb3
15. axb3 Be6 16. O-O Rac8 17. Bg3 Nh5 18. Qf2 h6 19. Rad1 Rfd8 20. h3 b5 21. b4
Nf4 22. Kh2 g5 23. Bxf4 exf4 24. Nd4 Qc4 25. Nxe6 fxe6 26. Qb6 Rxd1 27. Rxd1
Qc6 28. Qa7 Rc7 29. Qb8+ Rc8 30. Rd8+ Rxd8 31. Qxd8+ Kf7 32. Qd3 Be5 33. Kh1
Qd6 34. Qe2 Qxb4 35. Nd1 Bxb2 36. Nf2 Bd4 37. Kh2 Bxf2 38. Qxf2 Qxe4 39. Qa7+
Kf6 40. Qxa6 Qxc2 41. Qa1+ Kg6 42. Qe5 Qc4 43. Qh8 b4 44. Qe8+ Kf5 45. Qf8+ Ke4
46. Qxh6 b3 47. Qg6+ Ke3 48. Qxg5 Qd4 49. Qg6 e5 0-1

[Event "Klasyfikacyjny wiosna grupa B"]
[Site "Bialystok"]
[Date "2011.??.??"]
[Round "9.4"]
[White "Bernacki, Krzysztof"]
[Black "Smirnov, Aleksander"]
[Result "0-1"]
[WhiteElo "2021"]
[BlackElo "2220"]
[PlyCount "70"]
[EventDate "2011.??.??"]

1. e4 c5 2. Nf3 a6 3. d3 e6 4. g3 b5 5. Bg2 Bb7 6. Nbd2 d5 7. O-O Nf6 8. Re1
Be7 9. Qe2 Nc6 10. a3 Qc7 11. c3 dxe4 12. dxe4 c4 13. Nf1 Nd7 14. Bf4 Qc8 15.
h4 Nc5 16. Red1 O-O 17. e5 Nd3 18. N1h2 Qc7 19. Ng5 h6 20. Ngf3 Nxf4 21. gxf4
Na5 22. Nd4 Bxg2 23. Kxg2 Nb3 24. Nxb3 cxb3 25. Kh3 Rfd8 26. Nf3 Qc4 27. Qxc4
bxc4 28. Kg3 h5 29. Nd4 Rac8 30. Rd2 Rd5 31. Rad1 g6 32. Nf3 Rcd8 33. Rd4 Rxd4
34. Rxd4 Rxd4 35. Nxd4 Bxa3 0-1

[Event "Klasyfikacyjny wiosna grupa B"]
[Site "Bialystok"]
[Date "2011.??.??"]
[Round "9.5"]
[White "Sieklucki, Adam"]
[Black "Strojek, Kazimierz"]
[Result "1-0"]
[WhiteElo "1838"]
[BlackElo "1819"]
[PlyCount "37"]
[EventDate "2011.??.??"]

1. d4 Nf6 2. c4 g6 3. Nc3 Bg7 4. Nf3 O-O 5. Bf4 d6 6. e3 c6 7. Be2 Bf5 8. O-O
h6 9. h3 Re8 10. Rc1 g5 11. Bg3 Nbd7 12. b4 a5 13. b5 c5 14. Bd3 Bxd3 15. Qxd3
e5 16. dxe5 Nxe5 17. Qe2 Re6 18. Rfd1 a4 19. Bxe5 1-0

[Event "Klasyfikacyjny wiosna grupa B"]
[Site "Bialystok"]
[Date "2011.??.??"]
[Round "9.6"]
[White "Filimoniuk, Marcin"]
[Black "Chilkiewicz, Marek"]
[Result "1-0"]
[WhiteElo "1768"]
[BlackElo "1854"]
[PlyCount "57"]
[EventDate "2011.??.??"]

1. e4 c6 2. c4 d5 3. exd5 cxd5 4. d4 Nf6 5. Nc3 Nc6 6. cxd5 Nxd5 7. Bc4 e6 8.
Nge2 Bb4 9. O-O Bxc3 10. bxc3 O-O 11. Qc2 h6 12. Bb5 a6 13. Bxc6 bxc6 14. Bd2
a5 15. Ng3 Ba6 16. Rfb1 f5 17. Re1 f4 18. Ne4 Qh4 19. f3 Rae8 20. Nd6 Rd8 21.
Rxe6 Rxd6 22. Rxd6 Re8 23. Qg6 Re2 24. Re6 Qf2+ 25. Kh1 Bd3 26. Re8+ Rxe8 27.
Qxe8+ Kh7 28. Qe1 Qxe1+ 29. Rxe1 1-0

[Event "Klasyfikacyjny wiosna grupa B"]
[Site "Bialystok"]
[Date "2011.??.??"]
[Round "9.8"]
[White "Szostko, Jakub"]
[Black "Burakowska, Gabriela"]
[Result "1/2-1/2"]
[WhiteElo "1546"]
[BlackElo "1612"]
[PlyCount "97"]
[EventDate "2011.??.??"]

1. e4 c5 2. Nf3 e6 3. d4 cxd4 4. Nxd4 a6 5. Nc3 b5 6. a3 Bb7 7. Bd3 d6 8. O-O
Nf6 9. Be3 Be7 10. f4 Nbd7 11. Kh1 Nc5 12. Qf3 Nxd3 13. cxd3 Nd7 14. Qg3 Bf6
15. Nde2 g6 16. Bd4 Bxd4 17. Nxd4 Qf6 18. Nf3 h6 19. Rad1 O-O 20. Nh4 Kh7 21.
Nf3 Rac8 22. Nd2 Qe7 23. Qe3 Rce8 24. Rf3 f5 25. Rh3 Nf6 26. Rf1 Ng4 27. Qe2
Kg7 28. Nb3 Nf6 29. Nd4 Nd7 30. Re3 fxe4 31. Nxe4 e5 32. Ng3 Qh4 33. Nf3 Bxf3
34. Rfxf3 Rxf4 35. Rxf4 Qxf4 36. Rf3 Qg5 37. Ne4 Qe7 38. h3 Rf8 39. Rxf8 Nxf8
40. Qc2 Qd7 41. Qf2 Qe7 42. Qb6 d5 43. Nc3 d4 44. Ne4 Qe6 45. Qc7+ Kg8 46. Qd8
Kg7 47. Qc7+ Kg8 48. Qd8 Kg7 49. Qc7+ 1/2-1/2

[Event "Klasyfikacyjny wiosna grupa B"]
[Site "Bialystok"]
[Date "2011.??.??"]
[Round "9.9"]
[White "Bobras, Jan"]
[Black "Kozaczynska, Aleksandra"]
[Result "1-0"]
[WhiteElo "1679"]
[BlackElo "1452"]
[PlyCount "109"]
[EventDate "2011.??.??"]

1. e4 e5 2. Nf3 Nc6 3. Bb5 a6 4. Ba4 Nf6 5. O-O b5 6. Bb3 Bc5 7. c3 d6 8. d4
exd4 9. cxd4 Bb6 10. Bg5 h6 11. Bh4 g5 12. Bg3 O-O 13. Nc3 Bg4 14. e5 dxe5 15.
dxe5 Nh7 16. Bd5 Qe8 17. h3 Bh5 18. Be4 Rd8 19. Qc2 Bg6 20. Bxg6 fxg6 21. Qb3+
Kh8 22. Nd5 Na5 23. Qd3 c6 24. e6 Rxd5 25. Qc3+ Kg8 26. Rae1 Qe7 27. Ne5 Qe8
28. Nd7 Rxd7 29. exd7 Qxd7 30. Qc2 Qf5 31. Qe2 Qf7 32. b4 Nc4 33. Rd1 Re8 34.
Qd3 Nf6 35. Rfe1 Rxe1+ 36. Rxe1 Nd5 37. a3 h5 38. h4 g4 39. Re4 Qf5 40. Qe2
Nxa3 41. Re5 Qf7 42. Re6 Nc4 43. Rxc6 Qe7 44. Qd3 Qf7 45. Rxg6+ Kf8 46. Rh6 Ne5
47. Qe4 Qg7 48. Rxh5 Nf6 49. Qa8+ Kf7 50. Bxe5 Qg6 51. Qb7+ Kf8 52. Qc8+ Kf7
53. Rf5 g3 54. Rxf6+ Qxf6 55. Bxf6 1-0

[Event "Klasyfikacyjny wiosna grupa B"]
[Site "Bialystok"]
[Date "2011.??.??"]
[Round "9.11"]
[White "Smolarczyk, Tomasz"]
[Black "Grabarczyk, Edmund"]
[Result "1/2-1/2"]
[WhiteElo "1571"]
[BlackElo "1585"]
[PlyCount "111"]
[EventDate "2011.??.??"]

1. e4 c5 2. Nf3 Nc6 3. d4 cxd4 4. Nxd4 Nf6 5. Nc3 g6 6. Be3 Bg7 7. f3 O-O 8.
Qd2 a6 9. O-O-O Rb8 10. h4 Nh5 11. Rh3 Nxd4 12. Bxd4 e5 13. Be3 d5 14. g4 d4
15. Bf2 Nf4 16. Rh2 Qa5 17. Nb1 Qxa2 18. Bxd4 Rd8 19. Qe3 Be6 20. Rhd2 exd4 21.
Qxf4 d3 22. c3 Bb3 23. Bxd3 Bxd1 24. Rxd1 b5 25. Bc2 Rxd1+ 26. Bxd1 Rd8 27. Bc2
b4 28. Qc7 Rf8 29. Qc5 a5 30. e5 Rd8 31. f4 b3 32. Qb6 bxc2 33. Qxd8+ Bf8 34.
Kxc2 Qa4+ 35. Kd3 Qxf4 36. Qg5 Qf1+ 37. Kc2 h6 38. Qd2 Qh3 39. Qe2 Qxh4 40. e6
Qe7 41. exf7+ Kxf7 42. Qxe7+ Bxe7 43. Kd3 Kf6 44. Ke3 Kg5 45. Kf3 h5 46. gxh5
Kxh5 47. b3 Kh4 48. Kg2 Kg4 49. Nd2 Kf4 50. Nc4 Bd8 51. Nb2 Ke3 52. b4 axb4 53.
cxb4 Kd4 54. b5 Kc5 55. Nd3+ Kxb5 56. Nf4 1/2-1/2

[Event "Klasyfikacyjny wiosna grupa B"]
[Site "Bialystok"]
[Date "2011.??.??"]
[Round "9.12"]
[White "Ocytko, Michal"]
[Black "Trofimiuk, Tomasz"]
[Result "0-1"]
[WhiteElo "1368"]
[BlackElo "1490"]
[PlyCount "76"]
[EventDate "2011.??.??"]

1. d4 Nf6 2. Nf3 e6 3. g3 b6 4. Bg2 Bb7 5. c3 c5 6. O-O Be7 7. Bg5 O-O 8. Nbd2
d6 9. a4 Nbd7 10. Qb3 Ba6 11. Rfe1 Rc8 12. Qa2 cxd4 13. Nxd4 Ne5 14. Bxf6 Bxf6
15. N4f3 Nc4 16. Nxc4 Bxc4 17. Qb1 Qc7 18. e3 Rfd8 19. Nd4 e5 20. Nb5 Qb8 21.
Bf1 Be6 22. Bg2 a6 23. Na3 d5 24. e4 d4 25. cxd4 exd4 26. Qd3 Qa7 27. Rac1 Rc5
28. Rxc5 bxc5 29. Nc4 Qb7 30. b3 Be7 31. e5 Qb4 32. Be4 Qxe1+ 33. Kg2 g6 34.
Qd2 Qxe4+ 35. f3 Qb7 36. Qd1 Bxc4 37. bxc4 Qb2+ 38. Kh3 d3 0-1